Institut del Teatre
Publicado:
Barcelona :
l'Institut : Diputació de Barcelona : Universitat Autònoma de Barcelona, [s.a.]
Descripción Física:
[11] f. solts en una carpeta : il. ; 30 cm
Otros Autores:
Universitat Autònoma de Barcelona
MARC
| LEADER | 00000nam a2200000Ia 4500 | ||
|---|---|---|---|
| 001 | 19538 | ||
| 008 | 160829s9999 xx 000 0 cat d | ||
| 080 | |a FU-8-20 | ||
| 110 | 1 | |a Institut del Teatre (Barcelona, Catalunya) |9 52662 | |
| 245 | |a Institut del Teatre | ||
| 260 | |a Barcelona : |b l'Institut : |b Diputació de Barcelona : |b Universitat Autònoma de Barcelona, [s.a.] | ||
| 300 | |a [11] f. solts en una carpeta : |b il. ; |c 30 cm | ||
| 590 | |a Informació de les especialitats, escoles i centres | ||
| 610 | 1 | 0 | |a Institut del Teatre (Barcelona, Catalunya) |9 52662 |
| 700 | |a Universitat Autònoma de Barcelona |9 17832 | ||
| 710 | 1 | |a Barcelona (Catalunya : Província). |b Diputació |9 52408 | |
| 901 | |a Arxiu | ||
| 942 | |n 1 | ||
| 952 | |0 0 |1 0 |4 0 |6 FU820 |7 1 |9 51612 |a Arxiu |b Arxiu |d 2016-12-01 |l 0 |o FU-8-20 |p 19538 |r 2016-12-01 00:00:00 |w 2016-12-01 |y ARXIU | ||
| 999 | |c 55457 |d 55457 | ||